000 00504nam a2200193 a 4500
001 1770887830477
003 YourLibrary
005 20260212145307.0
008 260212s1994##################000#0#eng##
020 _a9781853832031
082 0 4 _a307.116
_bNIJ
100 1 _aNijkamp, Peter,
_eauthor.
245 1 0 _aSustainable Cities in Europe :
260 _bRoutledge,
_c1994.
300 _a168 pages
650 0 _aBusiness & Economics.
942 _cENGLISH
040 _aYourLibrary
_beng
_cYourLibrary
999 _c611958
_d611958